000 00649nam a22002177a 4500
003 UA-OsUOA
001 83857
007 ta
008 20120507b un ||||| |||| 00| 0 ukr d
100 _aКолюх В.
090 _a32
_bК62
942 _cSA
040 _aUA-OsUOA
_bukr
_cUA-OsUOA
_dUA-OsUOA
245 _aАктуальні напрями реформування Конституції України в контексті політичних викликів сучасності
300 _aС.10-13
955 _a0
041 _aukr
080 _a32
773 0 _w83850
_tВіче
_dК.
_d2012
_g8
650 7 _a32 Політика
_2UDC
999 _c370167
_d370167